Instructions pratiques sur le drainage : reunies par ordre du ministre de l'agriculture, du commerce et des travaux publics

Αποθηκεύτηκε σε:
Λεπτομέρειες βιβλιογραφικής εγγραφής
Κύριος συγγραφέας: Mangon, Herve, 1821-188
Μορφή: Βιβλίο
Γλώσσα:French
Δημοσίευση: Paris : Dunob, 1863
Έκδοση:3η έκδ.
Θέματα:
Ετικέτες: Προσθήκη ετικέτας
Δεν υπάρχουν, Καταχωρήστε ετικέτα πρώτοι!

MARC

LEADER 00000cam a2200000 i 4500
001 1/69420
008 150408s1863 fre d
035 |l 10121530 
040 |a GR-MY-UA  |b gre  |e aacr 
041 0 |a fre 
082 0 |a 627.54  |2 (23) 
100 1 |a Mangon, Herve,   |d 1821-188. 
245 1 0 |a Instructions pratiques sur le drainage :  |b reunies par ordre du ministre de l'agriculture, du commerce et des travaux publics /  |c par Herve Mangon 
250 |a 3η έκδ. 
260 |a Paris :   |b Dunob,   |c 1863 
300 |a 320 σ.;  |b εικ.;  |c 19 εκ. 
650 0 0 |a Drainage. 
852 |a INST  |b SAMOS  |c MOR  |e 20150408  |h 627.54 MAN  |p 005300042107  |q 005300042107  |t NOLOAN  |y 23 
901 |a BIBL3-2015-1 
909 |a Σ  |b 192128 
970 |a ΣΙΤΖΙΜΗ  |b ΓΙΑΣΕΜΗ  |z 2015/04/08